00390nam a2200145Ia 4500003000400000005001700004008004100021040000900062082002000071100002300091245004500114260005000159300000900209650002600218OSt20201215100047.0190216s9999||||xx |||||||||||||| ||und|| coclc a784.4954bCHO/C aChoondal, Chummar  0aChristian Folk Songs /cChummar Choondal bKerala Folklore Academy,c1983.aChettupuzha: a100p aChristian Folk Songs